000 00244nam a22001217a 4500
008 171123b xxu||||| |||| 00| 0 eng d
041 _aeng
080 _a51
100 _a37
101 _aMAT
245 _aCALCULUS
_cBERS.L
942 _2udc
_cBK
999 _c38335
_d38335